¿D. Alfonso o D. Carlos? (Record no. 160102)

MARC details
000 -LEADER
campo de control de longitud fija 00954nam a22002175i 4500
001 - NÚMERO DE CONTROL
campo de control 160102
003 - IDENTIFICADOR DE NÚMERO DE CONTROL
campo de control ES-MaACL
005 - FECHA Y HORA DE LA ÚLTIMA TRANSACCIÓN
campo de control 20260301183523.0
008 - DATOS DE LONGITUD FIJA--INFORMACIÓN GENERAL
campo de control de longitud fija 990427s1883 sp |||| | spa d
040 ## - FUENTE DE CATALOGACIÓN
Centro catalogador/agencia de origen CCPB | B
Lengua de catalogación spa
Centro/agencia transcriptor CCPB | B
100 1# - ENTRADA PRINCIPAL--NOMBRE DE PERSONA
Nombre de persona Montoliú y de Sarriera, Plácido-María de
Títulos y otros términos asociados al nombre Marqués de.
9 (RLIN) 130114
245 11 - MENCIÓN DEL TÍTULO
Título ¿D. Alfonso o D. Carlos?
Resto del título : estudio histórico-legal acerca del Derecho de Sucesión a la Corona de España /
Mención de responsabilidad, etc. por Plácido Maria de Montoliú y de Sarriera.
250 ## - MENCION DE EDICION
Mención de edición 3ª ed.
260 ## - PUBLICACIÓN, DISTRIBUCIÓN, ETC.
Lugar de publicación, distribución, etc. Barcelona :
Nombre del editor, distribuidor, etc. [s.n.],
Fecha de publicación, distribución, etc. 1883 (
Fabricante Imprenta de Jaime Jepús)
300 ## - DESCRIPCIÓN FÍSICA
Extensión XVI, 205, 205 p., [4] h. pleg. ;
Dimensiones 23 cm.
600 04 - PUNTO DE ACCESO ADICIONAL DE MATERIA--NOMBRE DE PERSONA
Nombre de persona Alfonso
Numeración XII,
Títulos y otros términos asociados al nombre Rey de España
9 (RLIN) 19874
600 14 - PUNTO DE ACCESO ADICIONAL DE MATERIA--NOMBRE DE PERSONA
Nombre de persona Borbón y Austria-Este, Carlos de,
Títulos y otros términos asociados al nombre Duque de Madrid,
Fechas asociadas al nombre 1848-1909
9 (RLIN) 153058
651 #4 - PUNTO DE ACCESO ADICIONAL DE MATERIA--NOMBRE GEOGRÁFICO
Nombre geográfico España-
Subdivisión general Historia-
Subdivisión cronológica 1843-1873.
9 (RLIN) 8258
852 ## - LOCALIZACIÓN
Ubicación ES-MaACL
Número de control de estantería G-11944
Nota libre -- Enc. hol. conservando la cub. original
Holdings
Estatus retirado Estado de pérdida Estado de daño No para préstamo Colección Biblioteca de origen Biblioteca actual Ubicación en estantería Fecha de adquisición Fuente de adquisición Total de préstamos Signatura topográfica completa Código de barras Visto por última vez Precio de reemplazo Tipo de ítem Koha
        Libros del s. XIX Biblioteca del Ateneo de Madrid Biblioteca del Ateneo de Madrid Sala Pecera Planta 3 17/01/2008     G-11944 1167615 23/02/2023 23/02/2023 Libro impreso antiguo